000 00824nam a2200241 i 4500
001 72274
003 ES-MaACL
005 20240430132828.0
007 t|
008 040830s1985 sp ||||1| spa d
020 _a84-320-5837-8
100 1 _aGiménez Caballero, Ernesto,
_d1899-1988
_957038
245 1 0 _aRetratos españoles :
_bbastante parecidos /
_cErnesto Giménez Caballero ; prólogo de Pere Gimferrer.
250 _a1ª ed.
260 _aBarcelona :
_bPlaneta,
_c1985.
300 _a235 p. :
_bil. ;
_c24 cm.
490 1 _aEspejo de España. Biografías y memorias ;
_v104
650 0 0 _aEspañoles-
_xBiografías.
_912469
700 0 _aGimferrer, Pere,
_d1945-
_957102
830 1 _aEspejo de España. Biografías y memorias
_v104
_9180516
852 _aES-MaACL
_jL-8147
999 _c72274
_d72274